| 000 | 00861nam a2200265Ia 4500 | ||
|---|---|---|---|
| 003 | OSt | ||
| 005 | 20221005105626.0 | ||
| 006 | a|||||r|||| 00| 0 | ||
| 007 | ta | ||
| 008 | 221004b |||||||| |||| 00| 0 hin d | ||
| 020 | _c106.25 | ||
| 024 | _a115583 | ||
| 037 |
_b370, 17/02/2011, Vani Prakashan _cTextual |
||
| 040 |
_aCRL _cCRL _bhin |
||
| 041 |
_2hin _ahin |
||
| 082 | _aO1521N451x, P7 | ||
| 100 | _aनन्दकिशोर | ||
| 245 | 0 | _aअन्य होते हुए | |
| 246 | _aAnya hote hue | ||
| 260 |
_aनई दिल्ली _bवाणी प्रकाशन भारत _c2007 |
||
| 300 |
_a87पृ0 _ccm. |
||
| 650 | _aहिन्दी साहित्य | ||
| 942 |
_hO1521N451x, P7 _cTEXL _2cc |
||
| 999 |
_c1016391 _d1016391 |
||